For sale by auction by Mr Geo. Cranston, at the White Hart Inn in Ringwood on Friday July 31, 1840 at 5 o'clock in the afternoon (Record no. 116614)

MARC details
000 -LEADER
fixed length control field 01163cam a22002175a 4500
001 - CONTROL NUMBER
control field L141134
008 - FIXED-LENGTH DATA ELEMENTS--GENERAL INFORMATION
fixed length control field 071030s1840 xxk eng u
035 ## - SYSTEM CONTROL NUMBER
System control number (Sirsi) u141134
041 0# - LANGUAGE CODE
Language code of text/sound track or separate title eng
100 1# - MAIN ENTRY--PERSONAL NAME
Personal name Cranston, George
245 00 - TITLE STATEMENT
Title For sale by auction by Mr Geo. Cranston, at the White Hart Inn in Ringwood on Friday July 31, 1840 at 5 o'clock in the afternoon
Number of part/section of a work the following lots of valuable arable and meadow lands, in desirable situations near the town of Ringwood and at Westover...
260 ## - PUBLICATION, DISTRIBUTION, ETC.
Place of publication, distribution, etc. S.l.
Name of publisher, distributor, etc. s.n.
Date of publication, distribution, etc. [1840]
300 ## - PHYSICAL DESCRIPTION
Extent 1 poster
Dimensions 43 x 34 cm. +
Accompanying material 4 sheets (26 x 20 cm.)
340 ## - PHYSICAL MEDIUM
Material base and configuration Printed
351 ## - ORGANIZATION AND ARRANGEMENT OF MATERIALS
Hierarchical level Single item
500 ## - GENERAL NOTE
General note Item has a letter dated 17 July 1840 written on the verso by the auctioneer, George Cranston, and has been folded and posted as a letter to John Morant Esq. of Lyndhurst.
500 ## - GENERAL NOTE
General note Item is accompanied by two letters from the donor, dated 29 March and 1 April 1927, and two letters from the Auctioneers' and Estate Agents' Institute dated 30 March and 5 April 1927.
651 4# - SUBJECT ADDED ENTRY--GEOGRAPHIC NAME
Geographic name Hampshire
690 ## - LOCAL SUBJECT ADDED ENTRY--TOPICAL TERM (OCLC, RLIN)
Topical term or geographic name as entry element PROPERTY-PROPERTY ACQUISITION AND DISPOSAL-ACQUISITION AND DISPOSAL AT AUCTION
942 ## - ADDED ENTRY ELEMENTS (KOHA)
Suppress in OPAC 0
Holdings
Withdrawn status Lost status Source of classification or shelving scheme Damaged status Not for loan Home library Current library Shelving location Date acquired Total Checkouts Full call number Barcode Date last seen Copy number Price effective from Koha item type
    Dewey Decimal Classification     London London Basement 30/10/2007   BASEMENT BOX 5 141134-1001 06/08/2019 1 06/08/2019 Archive